"Two faces’" of Human Capital and Research and Development Activities: Effects of Related tTechnologies and the Regional Technology Portfolio on Total Factor Productivity in Polish Regions

Opis vplyvu výskumu a vývoja na úroveň technologického rozvoja regionálnej ekonomiky. Skúmanie technologickej ne/prepojenosti na rozvoj inovácií a šírenie technológií.

Salvato in:
Dettagli Bibliografici
Autore principale: Cieślik, Andrzej
Altri autori: Misiak, Tomasz, Sierotowicz, Tomasz
Natura: Capitolo di libro
Lingua:inglese
Soggetti:
Tags: Aggiungi Tag
Nessun Tag, puoi essere il primo ad aggiungerne!!

MARC

LEADER 00000naa a2200000 4500
001 0315020
005 20260216114003.6
041 0 |a eng 
044 |a GB 
245 1 0 |a "Two faces’" of Human Capital and Research and Development Activities: Effects of Related tTechnologies and the Regional Technology Portfolio on Total Factor Productivity in Polish Regions  |c Andrzej Cieślik, Tomasz Misiak, Tomasz Sierotowicz ... [et al.] 
520 |a Opis vplyvu výskumu a vývoja na úroveň technologického rozvoja regionálnej ekonomiky. Skúmanie technologickej ne/prepojenosti na rozvoj inovácií a šírenie technológií. 
610 2 0 |a kapitál ľudský 
610 2 0 |a veda 
610 2 0 |a výskum 
610 2 0 |a technológie nové 
610 2 0 |a pokrok vedeckotechnický 
610 2 0 |a rozvoj regionálny 
100 1 |a Cieślik, Andrzej 
700 1 |a Misiak, Tomasz 
700 1 |a Sierotowicz, Tomasz